Yu-Gi-Oh! - Monstre (11) - Statistiques

Statistiques générales
  • Ce quiz a été pris 41 fois
  • Le résultat moyen est 77 sur 81
Statistiques - réponses
Question Tuile Select % Correct
Qui est Makyura le Destructeur ? Non
100%
Qui est Makyura le Destructeur ? Non
100%
Qui est Dieu Égyptien Slime ? Non
100%
Qui est Dieu Égyptien Slime ? Non
100%
Qui est Dieu Égyptien Slime ? Non
100%
Qui est Dieu Égyptien Slime ? Non
100%
Qui est Dieu Égyptien Slime ? Non
100%
Qui est Golem de Lave ? Non
100%
Qui est Golem de Lave ? Oui
100%
Qui est Golem de Lave ? Non
100%
Qui est Golem de Lave ? Non
100%
Qui est Golem de Lave ? Non
100%
Qui est Golem de Lave ? Non
100%
Qui est Golem de Lave ? Non
100%
Qui est Golem de Lave ? Non
100%
Qui est Golem de Lave ? Non
100%
Qui est Jeroid des Ténèbres ? Non
100%
Qui est Jeroid des Ténèbres ? Non
100%
Qui est Jeroid des Ténèbres ? Non
100%
Qui est Jeroid des Ténèbres ? Non
100%
Qui est Seigneur Poison ? Non
100%
Qui est Seigneur Poison ? Non
100%
Qui est Seigneur Poison ? Non
100%
Qui est Seigneur Poison ? Non
100%
Qui est Des Gardius la Bête Masquée ? Non
100%
Qui est Des Gardius la Bête Masquée ? Non
100%
Qui est Des Gardius la Bête Masquée ? Non
100%
Qui est Des Gardius la Bête Masquée ? Non
100%
Qui est Démon Légendaire ? Non
100%
Qui est Démon Légendaire ? Non
100%
Qui est Démon Légendaire ? Non
100%
Qui est Spectre Revenant ? Non
100%
Qui est Spectre Revenant ? Non
100%
Qui est Spectre Revenant ? Non
100%
Qui est Spectre Revenant ? Non
100%
Qui est Spectre Revenant ? Non
100%
Qui est Spectre Revenant ? Non
100%
Qui est Spectre Revenant ? Non
100%
Qui est Le Dragon Ailé de Râ ? Non
100%
Qui est Le Dragon Ailé de Râ ? Non
100%
Qui est Le Dragon Ailé de Râ ? Non
100%
Qui est Le Dragon Ailé de Râ ? Non
100%
Qui est Le Dragon Ailé de Râ ? Non
100%
Qui est Le Dragon Ailé de Râ ? Non
100%
Qui est Makyura le Destructeur ? Non
97%
Qui est Makyura le Destructeur ? Non
97%
Qui est Dieu Égyptien Slime ? Non
97%
Qui est Jeroid des Ténèbres ? Non
97%
Qui est Seigneur Poison ? Non
97%
Qui est Des Gardius la Bête Masquée ? Non
97%
Qui est Des Gardius la Bête Masquée ? Non
97%
Qui est Démon Légendaire ? Non
97%
Qui est Démon Légendaire ? Non
97%
Qui est Démon Légendaire ? Non
97%
Qui est Le Dragon Ailé de Râ ? Non
97%
Qui est Le Dragon Ailé de Râ ? Oui
97%
Qui est Le Dragon Ailé de Râ ? Non
97%
Qui est Makyura le Destructeur ? Non
94%
Qui est Dieu Égyptien Slime ? Non
94%
Qui est Dieu Égyptien Slime ? Non
94%
Qui est Des Gardius la Bête Masquée ? Non
94%
Qui est Des Gardius la Bête Masquée ? Non
94%
Qui est Démon Légendaire ? Non
94%
Qui est Spectre Revenant ? Non
94%
Qui est Spectre Revenant ? Oui
94%
Qui est Makyura le Destructeur ? Non
91%
Qui est Jeroid des Ténèbres ? Non
91%
Qui est Seigneur Poison ? Non
91%
Qui est Makyura le Destructeur ? Non
88%
Qui est Jeroid des Ténèbres ? Non
88%
Qui est Démon Légendaire ? Non
88%
Qui est Dieu Égyptien Slime ? Oui
85%
Qui est Jeroid des Ténèbres ? Non
85%
Qui est Makyura le Destructeur ? Non
82%
Qui est Seigneur Poison ? Non
82%
Qui est Des Gardius la Bête Masquée ? Oui
82%
Qui est Seigneur Poison ? Non
76%
Qui est Démon Légendaire ? Oui
74%
Qui est Jeroid des Ténèbres ? Oui
62%
Qui est Makyura le Destructeur ? Oui
53%
Qui est Seigneur Poison ? Oui
53%
Aucun quiz correspondant
Distribution des résultats
% des personnes avec chaque résultat
Percentile par nombre de réponses
Votre historique - résultats
Vous n’avez pas pris ce quiz